LEADER 01480nam1 2200409 450 001 990002960590203316 005 20070727080607.0 035 $a000296059 035 $aUSA01000296059 035 $a(ALEPH)000296059USA01 035 $a000296059 100 $a20070727g19699999km-y0itay50------ba 101 0 $arus 102 $aSU 105 $ay|||||||001yy 200 1 $aSobranie socinenij v cetyrech tomach$fMich. Slonimskij 210 $aMoskva$cHudo?estvennaja literatura$d1969-1970 215 $a4 v.$d21 cm 463 \1$1001990002960600203316$12001 $a<<1>> : Rasskazy 1921-1926 ; Lavrovy 463 \1$1001990002960610203316$12001 $a<<2>> : Povesti i rasskazy 1927-1957 463 \1$1001990002960620203316$12001 $a<<3>> : Inzenery ; Vernye druz?ja 463 \1$1001990002960630203316$12001 $a<<4>> : Rovesniki veka ; Sem? let spustja ; Vospominanija 676 $a891.73 700 1$aSLONIMSKIJ,$bMichail Leonidovi?$0565467 801 0$aIT$bsalbc$gISBD 912 $a990002960590203316 951 $aVIII.1.A. 880/ (II r A 61/)$bL.M.$cVIII.1. 959 $aBK 969 $aUMA 979 $aANNAMARIA$b90$c20070727$lUSA01$h0804 979 $aANNAMARIA$b90$c20070727$lUSA01$h0806 979 $aCHIARA$b90$c20120224$lUSA01$h1411 979 $aCHIARA$b90$c20120224$lUSA01$h1436 979 $aCHIARA$b90$c20120224$lUSA01$h1446 979 $aCHIARA$b90$c20120224$lUSA01$h1451 996 $aSobranie socinenij v cetyrech tomach$91027116 997 $aUNISA